International Business Law and Its Environment

Gespeichert in:
Bibliographische Detailangaben
1. Verfasser: Schaffer, Richard
Weitere Verfasser: Earle, Beverley, Agusti, Filiberto
Format: Buch
Sprache:Englisch
Veröffentlicht: St. Paul West Publ. Co. 1993
Ausgabe:2. ed.
Schlagworte:
Tags: Tag hinzufügen
Keine Tags, Fügen Sie das erste Tag hinzu!

MARC

LEADER 00000nam a2200000 4500
001 c014231
005 20221206074601.3
020 |a 0-314-01178-1 
041 0 |a eng 
044 |a US 
245 1 0 |a International Business Law and Its Environment  |c Richard Schaffer, Beverley Earle, Filiberto Agusti 
250 |a 2. ed. 
264 1 |a St. Paul  |b West Publ. Co.  |c 1993 
300 |a 610 s. 
610 2 0 |a obchod medzinárodný 
610 2 0 |a právo medzinárodné 
610 2 0 |a právo obchodné 
610 2 0 |a prostredie ekonomické 
610 2 0 |a štúdie prípadové 
100 1 |a Schaffer, Richard 
700 1 |a Earle, Beverley 
700 1 |a Agusti, Filiberto